000 01136nam a22002657a 4500
005 20240530110433.0
008 150405s2009 ua a g b 000 0 ara d
017 _a2009/1803
_bمصر . دار الكتب المصرية
020 _a9775471753
040 _aEG-CaGPL
082 0 4 _221
_a305.567\
_bخ ر
100 0 _aخالد حسين محمود.
245 1 2 _aالرقيق و الحياة الاجتماعية ببلاد المغرب :
_bخلال القرون الاربعة الاولى للاسلام /
_cخالد حسين محمود.
250 _aط1.
260 _aالقاهرة :
_bمصر العربية للنشر و التوزيع ،
_c2009.
300 _a271 ص :
_bايض ؛
_c24 سم
504 _aيشتمل على ارجاعات ببليوجرافية
650 0 4 _aالرقيق
_zبلاد المغرب.
650 0 4 _aالرقيق
_xالاحوال الاجتماعية.
650 0 4 _aالرقيق
_xالاحوال الاجتماعية
_zبلاد المغرب.
650 0 4 _aالبغاء.
650 0 4 _aالرقيق فى الاسلام.
942 _2ddc
_cBK
999 _c60895
_d60895